Tales of India / (Record no. 38723)

MARC details
000 -LEADER
fixed length control field 00646nam a22002057a 4500
005 - DATE AND TIME OF LATEST TRANSACTION
control field 20100802150440.0
010 ## - LCCN (DPL NO)
LC control number ENG-97647
020 ## - INTERNATIONAL STANDARD BOOK NUMBER
International Standard Book Number 9788170589464
Terms of availability 55.00
035 ## - SYSTEM CONTROL NUMBER
System control number EN-81180
037 ## - SOURCE OF ACQUISITION
Source of stock number/acquisition DBAD/PUB
082 ## - DEWEY DECIMAL CLASSIFICATION NUMBER
Classification number S
100 ## - MAIN ENTRY--PERSONAL NAME
Personal name Pandey Daulat
245 ## - TITLE STATEMENT
Title Tales of India /
Statement of responsibility, etc by Daulat Pandey
250 ## - EDITION STATEMENT
Edition statement 2nd ed.
260 ## - PUBLICATION, DISTRIBUTION, ETC. (IMPRINT)
Place of publication, distribution, etc Pondicherry
Name of publisher, distributor, etc Sri Aurobindo Ashram Publication
Date of publication, distribution, etc 2009
270 ## - ADDRESS
Address Sri Aurobindo Ashram
City Pondicherry
Postal code 605002
300 ## - PHYSICAL DESCRIPTION
Extent P1.(101p)
Dimensions 22cm (pbk)
942 ## - ADDED ENTRY ELEMENTS (KOHA)
Source of classification or shelving scheme Dewey Decimal Classification
Item type English Books
Classification part S
Call number suffix PAN
Holdings
Withdrawn status Lost status Not for loan Collection code Home library Current library Date acquired Source of acquisition Cost, normal purchase price Full call number Barcode Copy number Cost, replacement price Koha item type
    Not For Loan Non-fiction D.B.Act.Division D.B.Act.Division 02/08/2010 DBAD/PUB 55.00 S PAN EN-81180 1 55.00 English Books

© Delhi Public Library
Hit Counter
free hit counter